[Event "Hvar Arsenal blitz op"]
[Site "Hvar"]
[Date "2022.10.11"]
[Round "8"]
[White "Matkovic, Nikola"]
[Black "Babic Sisinacki, Fran"]
[Result "1-0"]
[WhiteElo "1522"]
[BlackElo "1251"]
[PlyCount "88"]
[EventDate "2022.10.11"]
[EventType "swiss (blitz)"]
[EventRounds "11"]
[EventCountry "CRO"]
[SourceTitle "CBM 210 Extra"]
[Source "ChessBase"]
[SourceDate "2022.11.30"]
[SourceVersion "1"]
[SourceVersionDate "2022.11.30"]
[SourceQuality "1"]

1. e4 e5 2. Nf3 Nc6 3. Bc4 h6 4. h3 Nf6 5. d3 Bc5 6. 0-0 d6 7. a3 Qe7 8. b4 Bd4 9. Nxd4 Nxd4 10. Bb2 Nc6 11. Nd2 0-0 12. b5 Nd8 13. a4 c6 14. Ba3 c5 15. Bb2 a6 16. Qe2 Bd7 17. Nf3 axb5 18. axb5 Rxa1 19. Rxa1 Be6 20. Bxe6 Qxe6 21. c4 b6 22. Bc3 Nd7 23. Ra8 Nb7 24. Rxf8+ Kxf8 25. Qa2 Qe8 26. Nh4 Nf6 27. Nf5 Nd8 28. Nxd6 Qd7 29. Nf5 Qxd3 30. Bxe5 Qxe4 31. Bxf6 gxf6 32. Nxh6 Qg6 33. Ng4 Ne6 34. Qa8+ Kg7 35. Qb7 Qe4 36. Qxe4 Kf8 37. Qa8+ Kg7 38. Qb7 Kg6 39. Qxb6 f5 40. Ne5+ Kf6 41. Nd7+ Kg6 42. Qd6 Kg7 43. Nxc5 Nxc5 44. Qxc5 f6 1-0